LEADER 01157cam a2200313 7i4500
001 0000125809
005 20230302090000.0
008 230302s2016 my # ### #00001may##
020 # # |a 9789834610326  
040 # # |a UMT   |b Eng   |c UMT   |d Pnm   |e rda 
090 0 0 |a BP 80 .B5   |b T8 2016 
245 0 0 |a Tuan Hussain Kedah :   |b penggiat sistem pengajian pondok di Malaysia   |c Ahmad Yumni Abu Bakar...[et.al.]. 
246 0 0 |a Biografi Ulama Malaysia:   |b Tuan Hussain Kedah : penggiat sistem pengajian pondok di Malaysia 
264 # 0 |a Kuala Lumpur:   |b Dewan Bahasa Pustaka,   |c 2016 
300 # # |a xiv, 218 pages;   |c 22cm 
336 # # |a text --   |2 rdacontent 
337 # # |a unmediated --   |2 rdamedia 
338 # # |a volume --   |2 rdacarrier 
490 0 # |a Biografi Ulama Malaysia 
504 # # |a Bibliografi : 209 
590 # # |a Perpustakaan Sultanah Nur Zahirah 
600 0 0 |a Tuan Hussain Kedah 
650 0 0 |a Ulama --   |x Biography --   |z Kedah  
650 0 0 |a Scholars, Muslim --   |x Biography  
700 0 # |a Ahnad Fauzi Yahaya  
700 0 # |a Mustafa Abdullah  
700 0 # |a Mohamad kamil Ab. Majid  
700 0 # |a Ahmad Yumni Abu Bakar  
999 |a 1100096774  |b Book  |c Open Shelf  |e KOLEKSI TERBUKA